000 01875nam0a2200409 4500
001 RU\NLR\BIBL_A\022566237
005 20260420045656.0
010 _a978-5-09-125173-9
_9500
021 _aRU
_bКН-П-25-023027
_9КН-П-25-2317
035 _a(NLR Aleph) 022566237
090 _a13675062
_c13675062
100 _a20250611d2025 k y0rusy50 ca
101 0 _arus
102 _aRU
105 _aa z 000yy
181 0 _ai
_bxxxe
182 0 _an
200 1 _aПростые ответы на вопросы о детской психологии, или Ребенок: инструкция по применению
_fМ. С. Староверова
203 _aТекст
_bвизуальный
_cнепосредственный
205 _a2-е изд., стер.
210 _aМосква
_cПросвещение
_d2025
215 _a128 с.
_cцв. ил.
_d20
225 1 _aНесложное родительство
300 _aЗагл. корешка: Простые ответы на вопросы о детской психологии
300 _aНа 4-й с. обл. авт.: М. С. Староверова, канд. психол. наук, доц.
516 1 _aПростые ответы на вопросы о детской психологии
517 1 _aРебенок: инструция по применению
606 1 _aДети и родители
_xПсихологическая служба
_92100863
_3RU\NLR\AUTH\661270599
606 1 _aСемейное воспитание
_92518001
_3RU\NLR\AUTH\661492311
686 1 _aЧ491
686 1 _aЮ984.92
686 1 _aС550.325
700 1 _aСтароверова
_bМ. С.
_gМарина Семёновна
942 _cBOOK
980 _aNB